Management: (Record no. 38226)

MARC details
000 -LEADER
fixed length control field 00721 2200181 4500
008 - FIXED-LENGTH DATA ELEMENTS--GENERAL INFORMATION
fixed length control field 110505t xxu||||| |||| 00| 0 eng d
020 ## - INTERNATIONAL STANDARD BOOK NUMBER
International Standard Book Number 9780071285575
050 ## - LIBRARY OF CONGRESS CALL NUMBER
Classification number HD31
Item number .K56 2009
100 ## - MAIN ENTRY--PERSONAL NAME
Personal name Kinicki,Angelo
245 ## - TITLE STATEMENT
Title Management:
Remainder of title A practical introduction
Statement of responsibility, etc Angelo Kinicki, Brian K. Williams.
250 ## - EDITION STATEMENT
Edition statement 4th.ed.
260 ## - PUBLICATION, DISTRIBUTION, ETC. (IMPRINT)
Name of publisher, distributor, etc McGraw hill
Date of publication, distribution, etc 2009
Place of publication, distribution, etc Boston
300 ## - PHYSICAL DESCRIPTION
Extent Xxxi,543p.(various pagings)
Dimensions 28 cm
500 ## - GENERAL NOTE
General note Includes bibliographical references nad index
700 ## - ADDED ENTRY--PERSONAL NAME
Personal name Brian K. Williams
942 ## - ADDED ENTRY ELEMENTS (KOHA)
Item type Book
Source of classification or shelving scheme Library of Congress Classification
Holdings
Withdrawn status Lost status Source of classification or shelving scheme Damaged status Not for loan Collection code Home library Current library Shelving location Date acquired Source of acquisition Total Checkouts Total Renewals Full call number Barcode Date last borrowed Copy number Price effective from Koha item type
    Library of Congress Classification     Non-fiction Nairobi Campus Nairobi Campus General Circulation 05/05/2011 purchase 31 2 HD31.K56 2009 025307 25/07/2016 1 05/05/2011 Book